World geography V - Statistics

General Stats
  • This quiz has been taken 84 times
  • The average score is 20 of 25
Answer Stats
Questions Answer % Correct
10) Italian city famous for its waterwaysand gondolas Venice
100%
1) Capital of Austria Vienna
100%
25) Largest lake in the far east of Turkey Van
99%
18) Home to the Papal clergy, the smallest country in the world Vatican City
99%
23) its capital is Caracas Venezuela
97%
20) Its capital is Hanoi Vietnam
97%
19) Volcanic island nation in Oceania, its capital isPort Vila Vanuatu
95%
6) Famous royal palace near Pariscommissioned by King Louis XIV Versailles
95%
3) Capital of Lithuania Vilnius
95%
12) Longest river in Europe Volga
93%
4) Capital of Malta Valletta
92%
14) Largest city in British Columbia Vancouver
91%
9) Spanish port city on the Mediterraneanknown for its art/festivals Valencia
89%
15) Montpelier is the capital of this New England state Vermont
88%
21) Historic city in northern Italy famous for thesetting of Romeo and Juliet Verona
83%
16) Richmond, Norfolk, Arlington Cemetery Virginia
79%
13) Melbourne is the capital of this southAustralian state Victoria
78%
24) Group of small Caribbean islands in US territory,its capital is Charlotte Amalie Virgin islands
74%
17) Biggest city in the Far East of Russia nearthe North Korean border Vladivostok
74%
11) Hindu God who serves as preserverof the universe Vishnu
70%
2) Colorful port city, 2nd biggestin Chile Valparaiso
49%
22) Famous Colorado resort town/mountain Vail
46%
8) Historic port city on the Black Sea ineastern Bulgaria Varna
46%
5) Historic port city on the southernGulf coast of Mexico Veracruz
33%
7) Name for a province/state in Poland voivodeship
8%
No matching quizzes found
Score Distribution
Percent of People with Each Score
Percentile by Number Answered
Your Score History
You have not taken this quiz